00390nam a2200145Ia 4500008004100000020001500041041001200056082001100068100001400079245007700093260003900170300000800209650000700217700002000224221030s9999 xx 000 0 und d a8131726075 aEnglish a105.23 aA. Moller 3aAn Introduction to XML & Web Technologiescby A. Moller, M. Schwartzbach bPearson EdcuationaNew Delhic2009 a564 aIT aM. Schwartzbach